[Event "Ostrava SME op"]
[Site "Ostrava"]
[Date "2005.05.05"]
[Round "6"]
[White "Pecha, Vladan"]
[Black "Borovicka, Bohumil"]
[Result "0-1"]
[WhiteElo "1905"]
[BlackElo "2087"]
[PlyCount "80"]
[EventDate "2005.04.30"]
[EventType "swiss"]
[EventRounds "9"]
[EventCountry "CZE"]
[SourceTitle "CBM 106 Extra"]
[Source "ChessBase"]
[SourceDate "2005.07.01"]
[SourceVersion "1"]
[SourceVersionDate "2005.07.01"]
[SourceQuality "1"]

1. e4 e6 2. d4 d5 3. Nd2 Be7 4. Ngf3 Nf6 5. Bd3 c5 6. dxc5 0-0 7. exd5 Qxd5 8. 0-0 Nbd7 9. c6 Qxc6 10. Nc4 Qc7 11. Re1 Rd8 12. Be3 Nc5 13. Bxc5 Bxc5 14. Qe2 b6 15. Ng5 h6 16. Ne4 Be7 17. Nxf6+ Bxf6 18. Qe4 Bb7 19. Qg4 Rd5 20. Qe2 Ba6 21. Qf3 Rad8 22. Ne3 Bxd3 23. cxd3 Rxd3 24. Rac1 Qb8 25. Rc2 Rd2 26. Rd1 Rxc2 27. Rxd8+ Qxd8 28. Nxc2 Bxb2 29. Ne3 Qc8 30. g3 b5 31. Ng4 a6 32. Ne3 Bd4 33. Nd1 e5 34. Kg2 Qe6 35. Qa8+ Kh7 36. Qe4+ g6 37. h4 h5 38. Qb1 Qc4 39. Kg1 a5 40. Nb2 Qb4 0-1

[Event "Ostrava SME op"]
[Site "Ostrava"]
[Date "2005.04.30"]
[Round "1"]
[White "Ondrejat, Miroslav"]
[Black "Pecha, Vladan"]
[Result "1-0"]
[WhiteElo "2117"]
[BlackElo "1905"]
[PlyCount "71"]
[EventDate "2005.04.30"]
[EventType "swiss"]
[EventRounds "9"]
[EventCountry "CZE"]
[SourceTitle "CBM 106 Extra"]
[Source "ChessBase"]
[SourceDate "2005.07.01"]
[SourceVersion "1"]
[SourceVersionDate "2005.07.01"]
[SourceQuality "1"]

1. Nf3 f5 2. b3 Nf6 3. Bb2 e6 4. g3 Be7 5. Bg2 0-0 6. 0-0 d5 7. d3 c6 8. e3 Nbd7 9. Qe2 Qc7 10. Nbd2 e5 11. e4 fxe4 12. dxe4 d4 13. Qc4+ Kh8 14. Ng5 Nc5 15. f4 b5 16. Qe2 Ng4 17. h3 Ne3 18. Qh5 Bxg5 19. fxg5 Nxf1 20. g6 h6 21. Rxf1 Rxf1+ 22. Nxf1 Ne6 23. Ne3 Ng5 24. h4 Ne6 25. Ng4 Nf4 26. gxf4 Bxg4 27. Qxg4 exf4 28. Bxd4 Rf8 29. Qh5 Kg8 30. Bf3 Qa5 31. c3 Qxa2 32. Qe5 Rf6 33. Qe8+ Rf8 34. Qe7 Rf6 35. Bxf6 gxf6 36. Qf7+ 1-0